Movies Quiz

Random Movies or Clickable Quiz

Movie Titles Abroad (1990s) Quiz Stats

Quiz Updated Feb 8, 2016

Challenge
Share
Tweet
Embed
Score 0/16 Timer 03:00
2 Plays Today
% Correct
The Usual Suspects
96.3%
Twister
94.2%
American History X
90.7%
Girl, Interrupted
87.5%
The Shawshank Redemption
79.4%
American Pie
78.5%
A Few Good Men
78.4%
The Full Monty
72.9%
% Correct
Reservoir Dogs
72%
The Green Mile
68.7%
Léon: The Professional
66.5%
Se7en
55.9%
The Big Lebowski
54.7%
Swingers
47.4%
G.I. Jane
28.9%
Scent of a Woman
26.6%

You're not logged in!

Compare scores with friends on all Sporcle quizzes.
Join for Free
OR
Log In

You Might Also Like...

Show Comments

Extras

Top Quizzes Today


Score Distribution

Your Account Isn't Verified!

In order to create a playlist on Sporcle, you need to verify the email address you used during registration. Go to your Sporcle Settings to finish the process.

Report this User

Report this user for behavior that violates our Community Guidelines.

Details: